UBT Library

Foundations of American Education; (Record no. 43294)

000 -LEADER
fixed length control field 00561cam a2200205 4500
001 - CONTROL NUMBER
control field 2652573
005 - DATE AND TIME OF LATEST TRANSACTION
control field 20180223081256.0
008 - FIXED-LENGTH DATA ELEMENTS--GENERAL INFORMATION
fixed length control field 690314s1969 mau b 001 0 eng
010 ## - LIBRARY OF CONGRESS CONTROL NUMBER
LC control number 69014527
040 ## - CATALOGING SOURCE
Original cataloging agency DLC
Transcribing agency DLC
Modifying agency DLC
041 ## - LANGUAGE CODE
Language code of text/sound track or separate title eng
080 ## - UNIVERSAL DECIMAL CLASSIFICATION NUMBER
Universal Decimal Classification number 370..973 dea
082 00 - DEWEY DECIMAL CLASSIFICATION NUMBER
Classification number 370..973 dea
100 ## - Rafti
Rafti 48
101 ## - Shkurtesa
Shkurtesa edu
245 00 - TITLE STATEMENT
Title Foundations of American Education;
Statement of responsibility, etc [edited by] James A. Johnson [and others]
504 ## - BIBLIOGRAPHY, ETC. NOTE
Bibliography, etc Includes bibliographies.
906 ## - LOCAL DATA ELEMENT F, LDF (RLIN)
a 7
b cbc
c orignew
d u
e ncip
f 19
g y-gencatlg
942 ## - ADDED ENTRY ELEMENTS (KOHA)
Source of classification or shelving scheme
Item type Books
Holdings
Withdrawn status Lost status Source of classification or shelving scheme Damaged status Not for loan Collection code Permanent location Current location Shelving location Date acquired Total Checkouts Full call number Barcode Date last seen Price effective from Koha item type
          Koleksioni i përgjithshem UBT - Lipjan UBT - Lipjan Koleksioni i përgjithshem 02/23/2018   370..973 dea 002-2999653 02/23/2018 02/23/2018 Books
UBT Library © 2015-2024. All rights reserved University Education for Business and Technology